K-POP - Travis Scott Lyrics - Statistics

General Stats
  • This quiz has been taken 35 times
  • The average score is 181 of 391
Answer Stats
Answer % Correct
a
100%
I
96%
the
96%
Y
92%
y
92%
'e
88%
yo
88%
You
85%
you
85%
lo
81%
K
77%
me
77%
me,
77%
shit
77%
Swish
77%
that
77%
That
77%
Do
73%
Mix
73%
of
73%
out
73%
pop,
73%
pop
73%
can
69%
drugs
69%
Move
69%
on
69%
pa
69%
te
69%
with
69%
call
65%
gon'
65%
in
65%
we
65%
We
65%
it
62%
like
62%
love
62%
Love
62%
my
62%
no
62%
Si
62%
When
62%
when
62%
Ya
62%
ya
62%
her
58%
le
58%
name
58%
off
58%
and
54%
Can't
54%
Even
54%
if
54%
I'm
54%
Let
54%
she
54%
so
54%
ten
54%
al
50%
Know
50%
know
50%
ni
50%
pain
50%
playa
50%
tiempo
50%
tiempo'
50%
tiempo,
50%
callin'
46%
don't
46%
la
46%
La
46%
loco,
46%
loco
46%
make
46%
Take
46%
take
46%
this
46%
This
46%
up
46%
way
46%
All
42%
believe
42%
but
42%
fuck
42%
get
42%
Get
42%
got
42%
Hace
42%
here
42%
high
42%
mean
42%
nine
42%
sip
42%
still
42%
about
38%
body
38%
forget
38%
Korean
38%
loca,
38%
place
38%
veo
38%
your
38%
again
35%
baby
35%
dance?
35%
Fallin'
35%
mami,
35%
mami
35%
one
35%
"Papi"
35%
Saint-Tropez
35%
tengo
35%
Yeah
35%
yeah,
35%
yeah
35%
bad
31%
en
31%
face,
31%
grip
31%
Right
31%
Rodeo
31%
some'?
31%
some
31%
tell
31%
time
31%
trap,
31%
31%
Tu
31%
tu
31%
Vemo'
31%
around
27%
Como
27%
el
27%
foto
27%
full
27%
Gonna
27%
lil'
27%
put
27%
though
27%
'til
27%
tsunami
27%
una
27%
waves
27%
went
27%
back
23%
find
23%
G-Wagon
23%
hit
23%
Rubbin'
23%
Think
23%
wet
23%
ahora
19%
Ahora
19%
ain't
19%
bien
19%
'bout
19%
could
19%
de
19%
France,
19%
frente
19%
gotta
19%
lead
19%
map,
19%
Maya
19%
meto
19%
need
19%
party
19%
run
19%
seasick
19%
sin,
19%
spoteo
19%
uno
19%
yachty
19%
aquello'
15%
arrebate
15%
Behind
15%
bond
15%
camino
15%
Cannes
15%
chingando
15%
clothes,
15%
'em?
15%
Es
15%
fumaba'
15%
head
15%
just
15%
lot
15%
mai
15%
Miami
15%
nos
15%
nota
15%
pide
15%
que
15%
South
15%
tint,
15%
trip
15%
vent
15%
was
15%
chancin'
12%
come
12%
Dale,
12%
drop
12%
explota,
12%
grabbin'
12%
piense',
12%
pierdas
12%
pilla,
12%
piloto
12%
Sex'll
12%
side
12%
trepate
12%
uh
12%
wrong
12%
after
8%
exploto
8%
fire
8%
jangueo
8%
night
8%
sooner
8%
they
8%
ticke
8%
Vamo
8%
winner
8%
Cayo
4%
cooler
4%
felt
4%
Musha,
4%
she'll
4%
textee
4%
No matching quizzes found
Score Distribution
Percent of People with Each Score
Percentile by Number Answered
Your Score History
You have not taken this quiz